CRL Winners - Statistics

General Stats
  • This quiz has been taken 7 times
  • The average score is 4 of 7
Answer Stats
Hint Answer % Correct
2021 Mugi
100%
2023 Mugi
100%
2022 Mohamed Light
86%
2024 Mohamed Light
86%
2019 Team Liquid
43%
2018 Nova Esports
14%
2020 Team Queso
14%
No matching quizzes found
Score Distribution
Percent of People with Each Score
Percentile by Number Answered
Your Score History
You have not taken this quiz